|
|
|
|
| LEADER |
00954nam a22002412a 4500 |
| 001 |
000329800 |
| 003 |
CZ BrMZK |
| 005 |
20100927132855.0 |
| 008 |
980107s1967 xr f cze d |
| 040 |
|
|
|a BOA001
|b cze
|
| 100 |
1 |
|
|a Máček, Miloš,
|d 1922-2015
|7 jk01072829
|4 aut
|
| 245 |
1 |
0 |
|a Zdatnost a výkonost dívek v období dospívání /
|c [autor:] Miloš Máček, Miroslav Kučera, Zdeněk Pinta
|
| 250 |
|
|
|a 1. vyd.
|
| 260 |
|
|
|a Praha :
|b SZdN,
|c 1967
|
| 300 |
|
|
|a 119 s.
|
| 490 |
1 |
|
|a Hálkova sbírka pediatrických prací ;
|v 11
|
| 700 |
1 |
|
|a Pinta, Zdeněk,
|d 1931-
|7 jk01093137
|4 aut
|
| 700 |
1 |
|
|a Kučera, Miroslav,
|d 1932-2013
|7 jk01070574
|4 aut
|
| 830 |
|
0 |
|a Hálkova sbírka pediatrických prací (Státní zdravotnické nakladatelství)
|0 s
|
| 910 |
|
|
|a BOA001
|b PK-0047.770
|
| 964 |
|
|
|a Dívky dospívající - zdatnost - výzkumy
|
| 990 |
|
|
|a BK
|
| 996 |
7 |
|
|b 3119929036
|c PK-0047.770
|l MZK
|r Sklad / do 1 hodiny
|n 1
|w 000329800
|u 000010
|a 1
|e BOA001
|j MZK50
|s A
|